[Event "CAN-ch"]
[Site "Toronto CAN"]
[Date "2024.03.28"]
[Round "2.14"]
[White "England, Max"]
[Black "Noritsyn, Nikolay"]
[Result "0-1"]
[WhiteElo "2020"]
[BlackElo "2451"]
[PlyCount "70"]
[EventDate "2024.03.27"]
[EventType "swiss"]
[EventRounds "10"]
[EventCountry "CAN"]

1. Nf3 d5 2. g3 Nd7 3. Bg2 e5 4. d3 Ngf6 5. O-O Be7 6. c4 dxc4 7. dxc4 O-O 8.
Nc3 c6 9. Qc2 Re8 10. b3 Qc7 11. Bb2 Bf8 12. Rad1 a5 13. Nd2 h6 14. Nce4 Nxe4
15. Qxe4 Nc5 16. Qc2 Kh8 17. e4 Bg4 18. f3 Bh5 19. Rfe1 Ne6 20. Nf1 Bb4 21. Re2
Rad8 22. a3 Rxd1 23. Qxd1 Rd8 24. Qa1 Bc5+ 25. Kh1 Nd4 26. Bxd4 Rxd4 27. g4 Bg6
28. f4 exf4 29. b4 Ba7 30. c5 Qd7 31. Re1 Rd3 32. Qe5 f3 33. Bh3 f2 34. Re3
Rxe3 35. Nxe3 Qd3 0-1

[Event "CAN-ch"]
[Site "Toronto CAN"]
[Date "2024.03.28"]
[Round "3.5"]
[White "Noritsyn, Nikolay"]
[Black "Derraugh, Geordie"]
[Result "1-0"]
[WhiteElo "2451"]
[BlackElo "2189"]
[PlyCount "101"]
[EventDate "2024.03.27"]
[EventType "swiss"]
[EventRounds "10"]
[EventCountry "CAN"]

1. e4 c5 2. Nf3 e6 3. c3 Nf6 4. Bd3 d5 5. e5 Nfd7 6. Bc2 c4 7. d4 cxd3 8. Bxd3
Nc6 9. Bf4 Be7 10. Bg3 Nc5 11. O-O Nxd3 12. Qxd3 O-O 13. Nbd2 a5 14. Rfe1 b6
15. a3 a4 16. Rad1 Ba6 17. Qc2 Qc7 18. Rc1 b5 19. Nf1 Na5 20. Ne3 Rfd8 21. Rcd1
Nb3 22. Nd4 Nc5 23. Qc1 Ne4 24. Nec2 Bg5 25. Bf4 Bh4 26. g3 Be7 27. f3 Nc5 28.
Bg5 f6 29. Bh4 Re8 30. exf6 Bxf6 31. Bxf6 gxf6 32. Nb4 Bb7 33. Qh6 Qf7 34. Nxb5
Rad8 35. Qe3 Qe7 36. Nd4 Qc7 37. Ndc6 Bxc6 38. Qxc5 Rc8 39. Nxc6 Qd7 40. Qd4
Rxc6 41. Qxf6 e5 42. Qh4 Qa7+ 43. Kg2 Qb7 44. Rd2 e4 45. Re3 Rg6 46. Qh5 exf3+
47. Rxf3 d4 48. cxd4 Rge6 49. Rdf2 Qe4 50. d5 Rg6 51. Qf5 1-0

[Event "CAN-ch"]
[Site "Toronto CAN"]
[Date "2024.03.29"]
[Round "4.4"]
[White "Jaferian, Koosha"]
[Black "Noritsyn, Nikolay"]
[Result "0-1"]
[WhiteElo "2234"]
[BlackElo "2451"]
[PlyCount "77"]
[EventDate "2024.03.27"]
[EventType "swiss"]
[EventRounds "10"]
[EventCountry "CAN"]

1. e4 c5 2. c3 Nf6 3. e5 Nd5 4. Nf3 d6 5. Bb5+ Bd7 6. Bc4 e6 7. d4 Bc6 8. O-O
Nd7 9. Bb3 cxd4 10. exd6 d3 11. Qxd3 Bxd6 12. Bc2 Ne5 13. Nxe5 Bxe5 14. Qh3 Qc7
15. Na3 O-O-O 16. Bd2 g5 17. Qh6 Bf4 18. Be1 g4 19. Qh5 Nf6 20. Qh4 Qe5 21. c4
Qxb2 22. Rb1 Qxa3 23. Qxf6 Qd6 24. Qh4 Qc5 25. Bc3 Rhg8 26. Qf6 g3 27. Qxf4
gxf2+ 28. Rxf2 Rxg2+ 29. Kf1 Rxf2+ 30. Qxf2 Qxc4+ 31. Qe2 Qxc3 32. Rb3 Qa1+ 33.
Kf2 Qf6+ 34. Ke1 Rd5 35. Re3 Bb5 36. Qf3 Qa1+ 37. Bd1 Qd4 38. Rc3+ Kd8 39. Rc2
0-1

[Event "CAN-ch"]
[Site "Toronto CAN"]
[Date "2024.03.30"]
[Round "5.1"]
[White "Noritsyn, Nikolay"]
[Black "Rodrigue-Lemieux, Shawn"]
[Result "0-1"]
[WhiteElo "2451"]
[BlackElo "2506"]
[PlyCount "118"]
[EventDate "2024.03.27"]
[EventType "swiss"]
[EventRounds "10"]
[EventCountry "CAN"]

1. e4 c6 2. Nf3 d5 3. e5 Bg4 4. Be2 e6 5. O-O Nd7 6. d4 Ne7 7. Nbd2 c5 8. c4
Nc6 9. cxd5 exd5 10. Re1 Be7 11. dxc5 Nxc5 12. Nb3 Ne6 13. Nfd4 Bxe2 14. Rxe2
O-O 15. Nf5 Qd7 16. Qd3 Rfd8 17. Bd2 Bf8 18. Rd1 Rac8 19. h4 a5 20. Qb5 a4 21.
Qxa4 Ncd4 22. Qxd7 Nxe2+ 23. Kf1 Rxd7 24. Kxe2 Rc2 25. Rb1 Rc4 26. Be3 d4 27.
Kd3 Rc5 28. Nfxd4 Rxe5 29. Rc1 Bc5 30. Nxc5 Rxc5 31. Rxc5 Nxc5+ 32. Kc4 Ne4 33.
a4 Kf8 34. a5 Ke8 35. Nb5 Rd1 36. b4 Kd7 37. Nd4 Rb1 38. Nf3 f6 39. Nd4 Rb2 40.
Nb3 Nxf2 41. Nc5+ Kc8 42. Bd4 Re2 43. b5 Ne4 44. Kd3 Ng3 45. a6 bxa6 46. bxa6
Rxg2 47. a7 Ra2 48. Ne6 Nf5 49. Bc5 Kd7 50. Nf8+ Kc6 51. Bf2 Kb7 52. Bc5 Nxh4
53. Nxh7 Ng6 54. Ke4 Rh2 55. Kf5 Rh5+ 56. Kxg6 Rxc5 57. Nf8 Rg5+ 58. Kf7 Kxa7
59. Ne6 Kb6 0-1

[Event "CAN-ch"]
[Site "Toronto CAN"]
[Date "2024.03.30"]
[Round "6.5"]
[White "Rusonik, Max"]
[Black "Noritsyn, Nikolay"]
[Result "0-1"]
[WhiteElo "2196"]
[BlackElo "2451"]
[PlyCount "94"]
[EventDate "2024.03.27"]
[EventType "swiss"]
[EventRounds "10"]
[EventCountry "CAN"]

1. e4 d6 2. d4 Nf6 3. Nc3 Nc6 4. Nf3 g6 5. h3 Bg7 6. Be2 O-O 7. Bg5 a6 8. a4 h6
9. Be3 e5 10. dxe5 dxe5 11. Qxd8 Rxd8 12. Bc4 Be6 13. Bxe6 fxe6 14. Nd2 Nd4 15.
Kd1 b5 16. Kc1 c6 17. Re1 Nd7 18. Nb3 h5 19. Ne2 c5 20. Na5 Nb6 21. b3 c4 22.
c3 cxb3 23. axb5 axb5 24. cxd4 exd4 25. Bxd4 Rxd4 26. Nxd4 Bxd4 27. Ra3 b4 28.
Nxb3 Rc8+ 29. Kb1 Bxf2 30. Rf1 bxa3 31. Rxf2 Nc4 32. Ka2 Kg7 33. Nd4 e5 34.
Ne6+ Kg8 35. Kb3 Ra8 36. Ra2 Nd6 37. Ng5 Nb5 38. Nf3 Nd4+ 39. Nxd4 exd4 40.
Rxa3 Rxa3+ 41. Kxa3 Kf7 42. g4 hxg4 43. hxg4 Ke6 44. Kb3 Ke5 45. Kc2 Kxe4 46.
Kd2 Kf4 47. Kd3 Kxg4 0-1

[Event "CAN-ch"]
[Site "Toronto CAN"]
[Date "2024.03.31"]
[Round "7.3"]
[White "Noritsyn, Nikolay"]
[Black "Sambuev, Bator"]
[Result "1-0"]
[WhiteElo "2451"]
[BlackElo "2462"]
[PlyCount "191"]
[EventDate "2024.03.27"]
[EventType "swiss"]
[EventRounds "10"]
[EventCountry "CAN"]

1. e4 e5 2. Nf3 Nc6 3. Bb5 a6 4. Ba4 Nf6 5. O-O d6 6. Re1 Bd7 7. c3 g6 8. d4
Bg7 9. h3 O-O 10. Bc2 h6 11. Nbd2 Re8 12. a3 b5 13. Nf1 Qb8 14. Ng3 a5 15. dxe5
Nxe5 16. Nxe5 dxe5 17. a4 Rd8 18. Qe2 Qb7 19. Nf1 Nh5 20. Nh2 bxa4 21. Bxa4 Be6
22. Nf3 Rab8 23. Bc2 Nf4 24. Bxf4 exf4 25. Reb1 Qb5 26. Qe1 Qc5 27. e5 Bd5 28.
Be4 Bb3 29. Nd4 Re8 30. Nc6 Rb5 31. c4 Qxc4 32. Rc1 Qe6 33. Nd4 Qxe5 34. Nxb5
Qxb5 35. Rxa5 Qb6 36. Ra8 Rxa8 37. Bxa8 Bxb2 38. Rb1 Ba2 39. Rd1 Kg7 40. Qe2 c6
41. Rd2 f3 42. Qe3 c5 43. Qxf3 Bd4 44. Bd5 Bxd5 45. Qxd5 Qb1+ 46. Kh2 Qe1 47.
Qa2 g5 48. Re2 Qf1 49. Qd2 Qb1 50. Re1 Qf5 51. Kg1 Qf6 52. Rd1 Qf5 53. Qe2 Qf4
54. Kf1 Qf5 55. Rd3 Qd5 56. Rd2 Qf5 57. Qd3 Qe5 58. Qf3 Qc7 59. g3 Qc8 60. Kg2
Bf6 61. Rd6 Bd4 62. Qd5 Qe8 63. Rd7 Bf6 64. Rc7 Bd4 65. Rb7 Bf6 66. Rc7 Bd4 67.
Kf3 Kg6 68. Rc6+ Kg7 69. Qd6 Qh8 70. Kg2 Qh7 71. Qd5 Qc2 72. Qf3 Qa2 73. Rc7
Qe6 74. Rc6 Qa2 75. h4 Qc2 76. h5 Qa2 77. Qf5 Qe2 78. g4 Qe7 79. Qf3 Qe5 80.
Rc8 Qe6 81. Rd8 Bf6 82. Rd5 c4 83. Qf5 Qc6 84. Qd7 Qa8 85. Qf5 c3 86. Qf3 Qc8
87. Rd6 Be5 88. Rc6 Qd7 89. Qe4 Bf6 90. Qc4 Bd4 91. Kh3 Be5 92. Qe4 Bf6 93. Kg2
Qd2 94. Rc7 Qd8 95. Qg6+ Kh8 96. Qxf7 1-0

[Event "CAN-ch"]
[Site "Toronto CAN"]
[Date "2024.04.01"]
[Round "8.1"]
[White "Noritsyn, Nikolay"]
[Black "Thavandiran, Shiyam"]
[Result "0-1"]
[WhiteElo "2451"]
[BlackElo "2347"]
[PlyCount "68"]
[EventDate "2024.03.27"]
[EventType "swiss"]
[EventRounds "10"]
[EventCountry "CAN"]

1. e4 e6 2. d4 d5 3. e5 c5 4. c3 Nc6 5. Nf3 Bd7 6. a3 c4 7. Nbd2 Na5 8. h4 h6
9. Rh3 Qc7 10. Rb1 O-O-O 11. b3 cxb3 12. Nxb3 Ba4 13. Nfd2 f6 14. Qg4 Nxb3 15.
Nxb3 h5 16. Qe2 fxe5 17. dxe5 Bxb3 18. Rxb3 Bc5 19. Rg3 Nh6 20. Rg5 Rhf8 21.
Be3 Rf7 22. Rxh5 Rdf8 23. f3 Nf5 24. Bxc5 Qxc5 25. Qf2 d4 26. Bd3 Qxe5+ 27. Be4
Qa5 28. Qd2 Qa4 29. Qb2 Nd6 30. Rb4 Qe8 31. Bg6 Rxf3 32. Bxe8 Rf1+ 33. Ke2
R8f2+ 34. Kd3 Rd1+ 0-1

[Event "CAN-ch"]
[Site "Toronto CAN"]
[Date "2024.04.02"]
[Round "10.5"]
[White "Dukic, Zachary"]
[Black "Noritsyn, Nikolay"]
[Result "1/2-1/2"]
[WhiteElo "2266"]
[BlackElo "2451"]
[PlyCount "106"]
[EventDate "2024.03.27"]
[EventType "swiss"]
[EventRounds "10"]
[EventCountry "CAN"]

1. e4 e5 2. Nf3 d6 3. d4 exd4 4. Nxd4 Nf6 5. Nc3 Be7 6. Bf4 O-O 7. Qd2 Nc6 8.
O-O-O Nxd4 9. Qxd4 Be6 10. f3 a6 11. g4 b5 12. h4 c5 13. Qe3 b4 14. Na4 Qc7 15.
b3 Nd7 16. Qd2 Ne5 17. Bxe5 dxe5 18. Nb2 Rad8 19. Qe1 Rd4 20. Bc4 a5 21. Bxe6
fxe6 22. Qg3 a4 23. Nc4 axb3 24. cxb3 Rxc4+ 25. bxc4 b3 26. axb3 Qa5 27. Kb2
Ra8 28. Qh2 Qa2+ 29. Kc3 Qa5+ 30. Kb2 Qa2+ 31. Kc3 Qa5+ 32. Kd3 Rf8 33. Qe2
Bxh4 34. Ra1 Qb4 35. Kc2 Rb8 36. Qd3 Bf2 37. Ra4 Qb6 38. Rha1 Bd4 39. Ra6 Qd8
40. R1a5 h6 41. Rb5 Ra8 42. Ra4 Qf8 43. Rb7 Kh7 44. Raa7 Rxa7 45. Rxa7 Qf4 46.
Rb7 Qh2+ 47. Qd2 Qh1 48. f4 exf4 49. Qxf4 Qg2+ 50. Kd3 Qh3+ 51. Ke2 Qg2+ 52.
Kd3 Qh3+ 53. Ke2 Qg2+ 1/2-1/2

[Event "Aurora Spring op"]
[Site "Newmarket CAN"]
[Date "2024.03.23"]
[Round "1.1"]
[White "Noritsyn, Nikolay"]
[Black "Lu, Tony"]
[Result "1-0"]
[WhiteElo "2451"]
[BlackElo "1854"]
[PlyCount "77"]
[EventDate "2024.03.23"]
[EventType "swiss"]
[EventRounds "5"]
[EventCountry "CAN"]

1. e4 e6 2. Qe2 c5 3. Nf3 Nc6 4. g3 g6 5. Bg2 Bg7 6. O-O Nge7 7. c3 O-O 8. Rd1
e5 9. d3 d5 10. a3 Be6 11. Ng5 Qd6 12. b4 cxb4 13. axb4 a6 14. Ba3 b5 15. Nxe6
fxe6 16. Nd2 d4 17. c4 Bh6 18. Nf3 Rf7 19. h4 Raf8 20. Rf1 bxc4 21. b5 Nb4 22.
dxc4 a5 23. Bxb4 axb4 24. Ra6 d3 25. Qd1 Qd8 26. c5 d2 27. Rxe6 Qc8 28. Rxe5
Bg7 29. Qxd2 Rxf3 30. Rxe7 Qxc5 31. Rxg7+ Kxg7 32. Bxf3 Rxf3 33. Kg2 Rc3 34.
Qd7+ Kh6 35. Qf7 b3 36. Rd1 b2 37. Qf4+ Kg7 38. Rd7+ Kh8 39. Qf6+ 1-0

[Event "Aurora Spring op"]
[Site "Newmarket CAN"]
[Date "2024.03.23"]
[Round "2.1"]
[White "Zhong, Ryan Yunhui"]
[Black "Noritsyn, Nikolay"]
[Result "0-1"]
[WhiteElo "1876"]
[BlackElo "2451"]
[PlyCount "62"]
[EventDate "2024.03.23"]
[EventType "swiss"]
[EventRounds "5"]
[EventCountry "CAN"]

1. e4 Nf6 2. Nc3 d5 3. e5 Nfd7 4. d4 e6 5. f4 c5 6. Nf3 Nc6 7. Be3 Be7 8. Be2
O-O 9. O-O b6 10. Qe1 f6 11. Bb5 Nb4 12. Qf2 fxe5 13. Bxd7 exd4 14. Bxc8 Rxc8
15. Nxd4 cxd4 16. Bxd4 Nc6 17. Ne2 e5 18. Be3 Nb4 19. Rad1 d4 20. Bd2 Nxc2 21.
Qg3 e4 22. Kh1 Bf6 23. f5 e3 24. Nf4 Be5 25. Qh3 Bxf4 26. Rxf4 Qd6 27. Rh4 h6
28. Be1 e2 29. Qb3+ Kh8 30. Rd2 Nxe1 31. Rhxd4 Nd3 0-1

[Event "Aurora Spring op"]
[Site "Newmarket CAN"]
[Date "2024.03.24"]
[Round "4.1"]
[White "Kang, Dorian"]
[Black "Noritsyn, Nikolay"]
[Result "0-1"]
[WhiteElo "2102"]
[BlackElo "2451"]
[PlyCount "48"]
[EventDate "2024.03.23"]
[EventType "swiss"]
[EventRounds "5"]
[EventCountry "CAN"]

1. c4 e5 2. Nc3 d6 3. g3 Be7 4. Bg2 f5 5. e3 Nf6 6. d4 O-O 7. Nge2 c6 8. b3 Na6
9. a3 Qe8 10. Bb2 Nc7 11. Qc2 Be6 12. Na4 e4 13. h4 b5 14. cxb5 cxb5 15. Qxc7
bxa4 16. Nf4 Bxb3 17. O-O Rc8 18. Qa5 Rc2 19. Rfb1 Ng4 20. Nh3 Qg6 21. Nf4 Qh6
22. d5 Bxh4 23. Qxa7 Bf6 24. Bxf6 Qh2+ 0-1

[Event "Excelsior October op"]
[Site "Toronto CAN"]
[Date "2023.10.27"]
[Round "1.2"]
[White "Noritsyn, Nikolay"]
[Black "Ganea, Mihai"]
[Result "1-0"]
[WhiteElo "2577"]
[BlackElo "2103"]
[PlyCount "59"]
[EventDate "2023.10.27"]
[EventType "swiss"]
[EventRounds "5"]
[EventCountry "CAN"]

1. e4 e6 2. d4 d5 3. Nc3 Bb4 4. a3 Bxc3+ 5. bxc3 dxe4 6. Qg4 Nf6 7. Qxg7 Rg8 8.
Qh6 Rg6 9. Qe3 b6 10. a4 Nc6 11. Nh3 Bb7 12. Nf4 Rg8 13. a5 Nxa5 14. Bb5+ c6
15. Be2 Qc7 16. c4 e5 17. dxe5 Qxe5 18. Ra2 c5 19. Bb2 Qf5 20. h3 h5 21. Rxa5
bxa5 22. O-O O-O-O 23. Ra1 Rd7 24. Rxa5 Rc7 25. Rxa7 Rd8 26. Nxh5 Nd7 27. Bg4
Qg6 28. Be5 Rc6 29. Nf4 Qg5 30. Qb3 1-0

[Event "Excelsior October op"]
[Site "Toronto CAN"]
[Date "2023.10.28"]
[Round "2.2"]
[White "Ajith, Aayush"]
[Black "Noritsyn, Nikolay"]
[Result "1/2-1/2"]
[WhiteElo "2131"]
[BlackElo "2577"]
[PlyCount "194"]
[EventDate "2023.10.27"]
[EventType "swiss"]
[EventRounds "5"]
[EventCountry "CAN"]

1. d4 e6 2. g3 d5 3. Nf3 f5 4. Bg2 Nf6 5. O-O Be7 6. c4 Ne4 7. Nc3 c6 8. Qc2
Nd7 9. Rb1 a5 10. a3 O-O 11. Bf4 g5 12. Be3 Bf6 13. Qc1 h6 14. Rd1 Rf7 15. Ne1
Nd6 16. c5 Nc4 17. b3 Nxe3 18. Qxe3 e5 19. dxe5 Nxe5 20. Nxd5 cxd5 21. Bxd5 Qe7
22. Nd3 Nxd3 23. exd3 Kg7 24. Bxf7 Qxf7 25. d4 Qd5 26. b4 Be6 27. bxa5 Re8 28.
Rb6 f4 29. gxf4 Bf7 30. Qh3 gxf4 31. Rd6 Qg5+ 32. Qg2 Bh5 33. Rb1 Bf3 34. Qxg5+
hxg5 35. d5 Bd4 36. c6 g4 37. Rxb7+ Kf8 38. Rd8 g3 39. Rxe8+ Kxe8 40. hxg3 fxg3
41. Rb8+ Kf7 42. Rb4 Bxf2+ 43. Kf1 Be3 44. Rb2 Ke7 45. Rg2 Bf4 46. Rc2 Kd8 47.
a6 Bxd5 48. a7 g2+ 49. Rxg2 Bxc6 50. Rg8+ Kc7 51. a8=Q Bxa8 52. Rxa8 Bd6 53.
Ke2 Kb7 54. Ra4 Kb6 55. Kd3 Kb7 56. Kc3 Be5+ 57. Kb3 Bd6 58. Rg4 Be5 59. Kc4
Bd6 60. a4 Bh2 61. Kb5 Ka8 62. Rg7 Bb8 63. a5 Bf4 64. Kc6 Be5 65. Rf7 Bh2 66.
Rh7 Bf4 67. Kb6 Be3+ 68. Ka6 Bf4 69. Ra7+ Kb8 70. Rf7 Be3 71. Rf8+ Kc7 72. Rf3
Bg1 73. Rb3 Kc8 74. Rb1 Bf2 75. Rb6 Bg1 76. Rg6 Bf2 77. Kb5 Kb8 78. Rg8+ Ka7
79. Kc6 Be3 80. a6 Bf2 81. Rg7+ Ka8 82. Rf7 Bg1 83. Rb7 Bf2 84. Kc7 Bg3+ 85.
Kc8 Bf2 86. Rc7 Bg1 87. Rg7 Bf2 88. Kc7 Ka7 89. Kc8+ Ka8 90. Rg2 Be3 91. Re2
Bg1 92. Kc7 Ka7 93. Kc6 Ka8 94. Re7 Bf2 95. Kb5 Bg1 96. a7 Bxa7 97. Rxa7+ Kxa7
1/2-1/2

[Event "Excelsior October op"]
[Site "Toronto CAN"]
[Date "2023.10.28"]
[Round "3.2"]
[White "Noritsyn, Nikolay"]
[Black "Zhao, Jifan"]
[Result "1-0"]
[WhiteElo "2577"]
[BlackElo "2036"]
[PlyCount "91"]
[EventDate "2023.10.27"]
[EventType "swiss"]
[EventRounds "5"]
[EventCountry "CAN"]

1. e4 e6 2. d4 d5 3. Nc3 Nf6 4. e5 Nfd7 5. Nce2 c5 6. c3 Nc6 7. Nf3 Qa5 8. Bf4
Qb6 9. Rb1 cxd4 10. Nexd4 Bc5 11. Be2 Bxd4 12. cxd4 Qb4+ 13. Bd2 Qb6 14. Bc3 f6
15. O-O O-O 16. b4 Qc7 17. Rc1 a6 18. a4 Ne7 19. Bd3 Qb8 20. Re1 b5 21. a5 h6
22. Bd2 f5 23. Kh1 Bb7 24. Rg1 Rc8 25. g4 Rxc1 26. Qxc1 Qf8 27. g5 h5 28. g6
Qe8 29. Nh4 Nf8 30. Qd1 Nfxg6 31. Qxh5 Nxh4 32. Qxh4 Qf7 33. Bh6 g6 34. Bg5 Nc6
35. Be2 Qh7 36. Bh6 Ne7 37. Qf6 Qf7 38. h4 Bc6 39. h5 Be8 40. Qg5 Kh8 41. Qh4
f4 42. hxg6 Nxg6 43. Qh5 Qf5 44. Bg5+ Kg8 45. Bg4 Qf7 46. Bf6 1-0

[Event "Excelsior October op"]
[Site "Toronto CAN"]
[Date "2023.10.29"]
[Round "4.1"]
[White "Sambuev, Bator"]
[Black "Noritsyn, Nikolay"]
[Result "1/2-1/2"]
[WhiteElo "2586"]
[BlackElo "2577"]
[PlyCount "67"]
[EventDate "2023.10.27"]
[EventType "swiss"]
[EventRounds "5"]
[EventCountry "CAN"]

1. d4 e6 2. Nf3 Nf6 3. c4 Bb4+ 4. Bd2 Bxd2+ 5. Qxd2 d5 6. Nc3 O-O 7. e3 Qe7 8.
Rc1 dxc4 9. Bxc4 c5 10. O-O Rd8 11. Rfd1 Nc6 12. Qe2 cxd4 13. exd4 Bd7 14. a3
Be8 15. Ba2 Rac8 16. h3 a6 17. Qe3 Rd6 18. d5 exd5 19. Nxd5 Nxd5 20. Rxd5 Qxe3
21. fxe3 Rcd8 22. e4 Kf8 23. Kf2 f6 24. Rxd6 Rxd6 25. Bd5 Ke7 26. Ke3 Kd8 27.
b4 Bd7 28. Rc3 b6 29. Bc4 Bc8 30. Bd5 Ne7 31. Bb3 Nc6 32. Bd5 Ne7 33. Bb3 Nc6
34. Bd5 1/2-1/2

[Event "Excelsior October op"]
[Site "Toronto CAN"]
[Date "2023.10.29"]
[Round "5.2"]
[White "Noritsyn, Nikolay"]
[Black "Lin, Leo"]
[Result "1-0"]
[WhiteElo "2577"]
[BlackElo "2216"]
[PlyCount "125"]
[EventDate "2023.10.27"]
[EventType "swiss"]
[EventRounds "5"]
[EventCountry "CAN"]

1. e4 d6 2. d4 Nf6 3. Nc3 e5 4. Nf3 exd4 5. Nxd4 Be7 6. Be2 O-O 7. Bf4 Re8 8.
Qd3 Nbd7 9. O-O-O Bf8 10. f3 a6 11. g4 Ne5 12. Qe3 Ng6 13. Bg3 c5 14. Nf5 Bxf5
15. gxf5 Ne5 16. Rhg1 Qa5 17. Qg5 Kh8 18. Be1 Qc7 19. Bh4 b5 20. Qg3 Ned7 21.
Bg5 b4 22. Nd5 Nxd5 23. Rxd5 f6 24. Be3 Ra7 25. Rdd1 Nb6 26. Kb1 a5 27. Bb5 Rd8
28. f4 a4 29. Rg2 a3 30. b3 Qe7 31. Re2 d5 32. e5 d4 33. Bd2 Nd5 34. Qe1 Nc3+
35. Bxc3 dxc3 36. Re3 Raa8 37. e6 Rxd1+ 38. Qxd1 Rd8 39. Bd7 h6 40. Qd5 Rb8 41.
Re1 Rb6 42. Bc6 Qd6 43. Qxd6 Bxd6 44. Be4 Be7 45. Kc1 Rd6 46. Rd1 Kg8 47. Bd5
Kf8 48. Rd3 Bd8 49. Kd1 Bc7 50. Ke2 Ke7 51. Kf3 c4 52. bxc4 Bb6 53. Ke4 Bc5 54.
Rg3 b3 55. cxb3 Bb4 56. Rxg7+ Kf8 57. Rf7+ Ke8 58. Kd3 Ra6 59. Rxf6 Ra7 60. Rg6
Rh7 61. f6 Rh8 62. Rg7 Bf8 63. Bc6+ 1-0

[Event "Toronto op"]
[Site "Toronto CAN"]
[Date "2023.09.02"]
[Round "1"]
[White "Findlay, Ian"]
[Black "Noritsyn, Nikolay"]
[Result "0-1"]
[WhiteElo "2123"]
[BlackElo "2465"]
[PlyCount "94"]
[EventDate "2023.09.02"]
[EventType "swiss"]
[EventRounds "6"]
[EventCountry "CAN"]

1. e4 c5 2. Nf3 e6 3. d4 cxd4 4. Nxd4 a6 5. Nc3 b5 6. Bd3 Bb7 7. Qe2 Nc6 8.
Nxc6 Bxc6 9. a4 bxa4 10. Nxa4 Bd6 11. Nc3 a5 12. Nb5 Bb8 13. Bd2 Ne7 14. O-O
O-O 15. c4 Ng6 16. f4 e5 17. f5 Nf4 18. Qf3 Qb6+ 19. Kh1 Bxb5 20. cxb5 Qd4 21.
Ra3 Bd6 22. Rc3 Bb4 23. Bxf4 exf4 24. Rc4 Qxb2 25. e5 Qxe5 26. Rxf4 Bd6 27. Rh4
Qf6 28. Qh5 h6 29. Ra4 Bb4 30. Qf3 Rac8 31. Ra2 Rfe8 32. g3 Rc3 33. Rc2 a4 34.
Qd5 a3 35. Rxc3 Bxc3 36. Bc4 Rd8 37. b6 Qc6 38. Rd1 Rb8 39. Qxc6 dxc6 40. Rd7
Kf8 41. Rxf7+ Ke8 42. b7 Bf6 43. Kg2 Be7 44. Rxg7 Rxb7 45. Rg8+ Bf8 46. Rg6 a2
47. Re6+ Kd7 0-1

[Event "Toronto op"]
[Site "Toronto CAN"]
[Date "2023.09.02"]
[Round "2"]
[White "Noritsyn, Nikolay"]
[Black "Dukic, Zachary"]
[Result "1/2-1/2"]
[WhiteElo "2465"]
[BlackElo "2198"]
[PlyCount "53"]
[EventDate "2023.09.02"]
[EventType "swiss"]
[EventRounds "6"]
[EventCountry "CAN"]

1. e4 c5 2. Nc3 Nc6 3. Nge2 Nf6 4. g3 d5 5. exd5 Nd4 6. Bg2 Bg4 7. O-O Nxd5 8.
f3 Bf5 9. Nxd4 cxd4 10. Nxd5 Qxd5 11. d3 Qd7 12. Qe2 g6 13. Bf4 Bg7 14. Rae1
Rc8 15. Be5 f6 16. Bf4 e5 17. g4 Be6 18. g5 O-O 19. gxf6 Bxf6 20. Bxe5 Bxe5 21.
Qxe5 Bxa2 22. Qa5 Bf7 23. Rf2 b6 24. Qb4 Rc5 25. Re4 Rd8 26. b3 Qc7 27. Rxd4
1/2-1/2

[Event "Toronto op"]
[Site "Toronto CAN"]
[Date "2023.09.03"]
[Round "3"]
[White "Jaferian, Koosha"]
[Black "Noritsyn, Nikolay"]
[Result "0-1"]
[WhiteElo "2231"]
[BlackElo "2465"]
[PlyCount "110"]
[EventDate "2023.09.02"]
[EventType "swiss"]
[EventRounds "6"]
[EventCountry "CAN"]

1. e4 e6 2. d4 d5 3. Nd2 a6 4. Ngf3 Nf6 5. Bd3 c5 6. dxc5 Bxc5 7. O-O Nc6 8. a3
O-O 9. b4 dxe4 10. Nxe4 Be7 11. Bb2 Qc7 12. Nxf6+ Bxf6 13. Bxf6 gxf6 14. Qd2
Ne7 15. Rfe1 Ng6 16. Re4 Rd8 17. Rd4 Rxd4 18. Nxd4 Bd7 19. Nb3 Kg7 20. Rd1 Be8
21. Be4 Rc8 22. Nc5 b6 23. Nxa6 Qe5 24. Bb7 Rc4 25. Qd6 Qe2 26. Qd3 Qxc2 27.
Qxc2 Rxc2 28. h3 Ne5 29. Rd6 Nc4 30. Rd8 Ba4 31. Ra8 Rc1+ 32. Kh2 Nd2 33. Nc5
Bb5 34. Ba6 Bxa6 35. Nxa6 Nf1+ 36. Kg1 f5 37. f4 Ng3+ 38. Kf2 Ne4+ 39. Ke3 Rc3+
40. Kd4 Rxa3 41. Nc7 Rb3 42. Ne8+ Kg6 43. Kc4 Rb2 44. g4 Rh2 45. Ra3 Rc2+ 46.
Kb5 Rc8 47. Kxb6 Rxe8 48. Kc7 Nf6 49. b5 Nd5+ 50. Kc6 Rc8+ 51. Kd6 Rc4 52. Rb3
fxg4 53. hxg4 Rxf4 54. b6 Nxb6 55. Rxb6 Rxg4 0-1

[Event "Toronto op"]
[Site "Toronto CAN"]
[Date "2023.09.03"]
[Round "4"]
[White "Noritsyn, Nikolay"]
[Black "Calugar, Arthur"]
[Result "0-1"]
[WhiteElo "2465"]
[BlackElo "2263"]
[PlyCount "128"]
[EventDate "2023.09.02"]
[EventType "swiss"]
[EventRounds "6"]
[EventCountry "CAN"]

1. e4 c5 2. Nf3 Nc6 3. Bb5 g6 4. O-O Bg7 5. c3 Nf6 6. Re1 O-O 7. d4 d5 8. e5
Ne4 9. Be3 Qb6 10. Bxc6 bxc6 11. Qc1 c4 12. Nbd2 Nxd2 13. Nxd2 Bf5 14. b3 Bd3
15. Qa3 Rfe8 16. Bf4 e6 17. Qc1 a5 18. Be3 Qb7 19. Bg5 Reb8 20. h4 h5 21. Re3
Ra7 22. Bf6 Bh6 23. Rg3 Qb6 24. Qd1 Kh7 25. Rc1 Rab7 26. Bg5 Bg7 27. Bf6 Bh6
28. Ra1 Bf5 29. Bg5 Bxg5 30. Rxg5 c5 31. dxc5 Qxc5 32. Rc1 Qa3 33. bxc4 dxc4
34. Kh2 Qc5 35. Qe1 Rb2 36. a4 Rd8 37. Nf3 Qxf2 38. Qxf2 Rxf2 39. Nd4 Bd3 40.
Re1 Ra2 41. Re3 Rxa4 42. g4 Ra2+ 43. Kg3 hxg4 44. Rxg4 a4 45. Re1 a3 46. Nc6
Ra8 47. Nb4 Rb2 48. Ra1 Rb3 49. Kf4 Rxc3 50. Kg5 Be2 51. Rg2 Bh5 52. Kf6 Ra7
53. Rf2 Rb3 54. Nc6 Ra8 55. Ke7 Rb7+ 56. Kf6 Rb2 57. Rff1 c3 58. Nd4 c2 59. Kg5
Kg7 60. Rac1 Ra4 61. Rf4 Rb1 62. Nxe6+ fxe6 63. Rxa4 Rxc1 64. Ra7+ Kf8 0-1

[Event "Toronto op"]
[Site "Toronto CAN"]
[Date "2023.09.04"]
[Round "5"]
[White "Barron, Michael"]
[Black "Noritsyn, Nikolay"]
[Result "1-0"]
[WhiteElo "2108"]
[BlackElo "2465"]
[PlyCount "83"]
[EventDate "2023.09.02"]
[EventType "swiss"]
[EventRounds "6"]
[EventCountry "CAN"]

1. e4 e6 2. d4 d5 3. Nd2 Be7 4. Ngf3 Nf6 5. Bd3 c5 6. e5 Nfd7 7. c3 Nc6 8. O-O
a5 9. Re1 a4 10. Nf1 a3 11. b3 cxd4 12. cxd4 Nb4 13. Be3 Nb8 14. Be2 Bd7 15.
Qd2 N8c6 16. Ng3 h5 17. h4 Bxh4 18. Nxh4 Qxh4 19. Rad1 f6 20. exf6 gxf6 21. Bf3
Kf7 22. Ne2 Rag8 23. Nf4 Rg4 24. g3 Qg5 25. Nxd5 Qxd5 26. Bxd5 Nxd5 27. Kg2 h4
28. Rh1 Nce7 29. f3 Rxg3+ 30. Kf2 Bc6 31. Bf4 Rgg8 32. Rhg1 Ng6 33. Bd6 Rh5 34.
Rg4 Rf5 35. Rdg1 Nb6 36. Qh6 Bxf3 37. Qh7+ Rg7 38. Qxg7+ Kxg7 39. Rxg6+ Kh7 40.
Rg7+ Kh6 41. Bf8 Bc6+ 42. Ke1 1-0

[Event "Toronto op"]
[Site "Toronto CAN"]
[Date "2023.09.04"]
[Round "6"]
[White "Noritsyn, Nikolay"]
[Black "Zomorrodian, Eilia"]
[Result "1-0"]
[WhiteElo "2465"]
[BlackElo "2109"]
[PlyCount "103"]
[EventDate "2023.09.02"]
[EventType "swiss"]
[EventRounds "6"]
[EventCountry "CAN"]

1. e4 c5 2. Nf3 e6 3. c3 Nf6 4. Bd3 c4 5. Bxc4 Nxe4 6. d4 d5 7. Bd3 Bd6 8. O-O
O-O 9. c4 Nd7 10. Re1 f5 11. Nc3 Ndf6 12. h3 b6 13. Ne5 Bb7 14. cxd5 Bxe5 15.
dxe5 Nxc3 16. bxc3 Nxd5 17. c4 Nb4 18. Bf1 Rf7 19. Qb3 Nc6 20. Qg3 Rc8 21. Bg5
Qf8 22. Rad1 f4 23. Qg4 Kh8 24. Bd3 Nd4 25. Qh5 h6 26. Qg6 Nf5 27. Bxf4 Qg8 28.
Bg3 Nxg3 29. fxg3 Rd7 30. Bb1 Bc6 31. Rd6 Re7 32. Red1 Be8 33. Qe4 g5 34. Rf1
Rf7 35. Rf6 Rxf6 36. exf6 Bf7 37. Bd3 Re8 38. Rd7 a6 39. Kh2 e5 40. Qb7 Rf8 41.
a4 h5 42. Qxb6 Bxc4 43. Rh7+ Qxh7 44. Bxh7 Kxh7 45. Qc5 Rxf6 46. Qxc4 Kg6 47.
Qe4+ Kg7 48. Qxe5 Kg6 49. h4 gxh4 50. gxh4 Rf5 51. Qe6+ Rf6 52. Qg8+ 1-0